BASIC STATISTICS FOR BEHAVIORAL SCIENCES (Record no. 215843)

MARC details
000 -LEADER
fixed length control field 00450nam a22001697a 4500
008 - FIXED-LENGTH DATA ELEMENTS--GENERAL INFORMATION
fixed length control field 250708b |||||||| |||| 00| 0 eng d
020 ## - INTERNATIONAL STANDARD BOOK NUMBER
International Standard Book Number 978-0-8400-3230-0
100 ## - MAIN ENTRY--PERSONAL NAME
Personal name HEIMAN, GARY W.
245 ## - TITLE STATEMENT
Title BASIC STATISTICS FOR BEHAVIORAL SCIENCES
250 ## - EDITION STATEMENT
Edition statement 6TH
260 ## - PUBLICATION, DISTRIBUTION, ETC.
Place of publication, distribution, etc. BELMONT
Name of publisher, distributor, etc. WADSWORTH, CENGAGE LEARNING
Date of publication, distribution, etc. 2011
300 ## - PHYSICAL DESCRIPTION
Extent XXX,468P.
500 ## - GENERAL NOTE
General note INCLUDES INDEX,
650 ## - SUBJECT ADDED ENTRY
Topical term or geographic name entry element STATISTICS
942 ## - ADDED ENTRY ELEMENTS (KOHA)
Source of classification or shelving scheme Library of Congress Classification
Koha item type Long Loan Book
Holdings
Withdrawn status Lost status Source of classification or shelving scheme Damaged status Not for loan Collection Home library Current library Date acquired Inventory number Total checkouts Full call number Barcode Date last seen Copy number Price effective from Koha item type Shelving location
    Library of Congress Classification     Science & Technology Kisii University Library Kisii University Library 07/08/2025 108977   QA 276.12 .H45 2011 000000018209 07/08/2025 1 07/08/2025 Long Loan Book  
    Library of Congress Classification     Science & Technology Kisii University Library Kisii University Library 07/08/2025 108978   QA 276.12 .H45 2011 000000018206 07/08/2025 2 07/08/2025 Long Loan Book On Display
    Library of Congress Classification     Science & Technology Kisii University Library Kisii University Library 07/08/2025 108979   QA 276.12 .H45 2011 000000018201 07/08/2025 3 07/08/2025 Long Loan Book On Display
    Library of Congress Classification     Science & Technology Kisii University Library Kisii University Library 07/08/2025 108980   QA 276.12 .H45 2011 000000018205 07/08/2025 4 07/08/2025 Long Loan Book On Display
    Library of Congress Classification     Science & Technology Kisii University Library Kisii University Library 07/08/2025 108981   QA 276.12 .H45 2011 000000018204 07/08/2025 5 07/08/2025 Long Loan Book On Display